000 01271nam0a22002771 4500
001 v19\rc\1286558
005 20060306184750.5
035 _a(NLR Aleph) 004435358
090 _a4326059
_c4326059
100 _a20060306d1847 |||y0rusy50 ca
101 0 _arus
102 _aRU
105 _ay z |||||
200 1 _aМедико-полицейские меры против распространения сифилитической болезни в столицах Германии, Бельгии, Франции и Англии, и способы лечения сифилитической болезни в отношении к народному здравию, собранные А. Эттером, членом Врачебно-полицейского комитета и проч.
210 _aСанкт-Петербург
_cтип. Экспедиции заготовления гос. бумаг
_d1847
215 _a[6], VI, XXII, 287 с.
_d20
700 1 _aЭттер
_bА. К.
_gАлексей Карлович
801 0 _aRU
_bNLR
_gpsbo
801 0 _aRU
_bRuMoRGB
_2psbo
801 1 _aRU
_bProSoft-M
_2rusmarc
852 _aNLR
_j18.7.6.3
899 _aRuMoRGB
_jL 16/42
899 _aГПИБ
899 _aНБ МГУ
942 _cBOOK
980 _aNB